Community Quiz #1 (Multiple Choice) - Statistics

General Stats
  • This quiz has been taken 6,749 times
  • The average score is 10 of 20
Answer Stats
Question Answer % Correct
What event is Troy joking about when he says "Don't eat the crab dip, yay yay?" STD Fair
90%
Complete the phrase: "___ is about to become the only person to drown in a parking lot. Twice." Pierce
84%
In Season 2, what name does Shirley give her newborn baby? Ben
80%
Which class is NOT on the course list in Greendale's night school? Intro to Duction
75%
What country does Pierce represent in the Model UN contest? Somalia
75%
In season 5, which character reveals that they have never stepped foot outside of Colorado? Jeff
62%
What is the name of the lead singer from Natalie is Freezing? Julie
62%
In "Competitive Ecology," which character says "Star Wars. Star Wars. Cool Cool Cool?" Jeff
60%
Which character fell for Olympic pole-vaulting hopeful Brent Underjaw? Annie
57%
Which character announces Pierce's death over the PA system? Fat Neil
54%
When pairing the study group members in "Competitive Ecology," which character comes last in Abed's popularity rankings? Shirley
54%
When the study group fills in for the Glee Club, which character is playing the piano? Duncan
46%
In which episode does Abed hire an Irish singer? Anthropology 101
42%
In "Epidemiology," which character does Troy punch in the face? Annie
40%
Which of the following clubs did Annie lead in high school? Campus Crusaders for Christ
40%
Which of the following phrases does Elroy claim he coined? "Lock and load!"
39%
What was the first mascot of Greendale Community College? Big Chief Drunky
37%
In "Remedial Chaos Theory," which character is getting the pizza when Jeff and Annie kiss? Abed
29%
In the series' final scene before the end tag, which character says "This is the show?" Britta
12%
Where is Fa-aaabulous Neil in his first ever appearance on the show? Bathroom
9%
No matching quizzes found
Score Distribution
Percent of People with Each Score
Percentile by Number Answered
Your Score History
You have not taken this quiz